000
00386nam a22001577a 4500
003
MPLRDC
005
20220104143145.0
008
210129b ||||| |||| 00| 0 eng d
082
_a
857.9 WRA-17 v.1
100
_a
温瑞安
245
_a
惊艳一枪. 上
_c
260
_a
_b
中国友谊出版公司
_c
1993
300
_b
平
650
_a
武侠小说
942
_c
BK
_o
857.9 WRA-17 v.1
999
_c
37179
_d
37169